Normal view MARC view
  • Sanz, Ignacio,

Entry Nombre Personal

Number of records used in: 3

001 - NUMERO DE CONTROL

  • campo de control: 43421

003 - IDENTIFICADOR DE NUMERO DE CONTROL

  • campo de control: UPN

005 - FECHA Y HORA DE LA ÜLTIMA TRANSACCIÓN

  • campo de control: 20220902202133.0

008 - DATOS DE LONGITUD FIJA

  • campo de control de longitud fija: 211006|g aca||aaan | aaa d

040 ## - FUENTE DE CATALOGACIÓN

  • Agencia original de catalogación: UPN

053 #4 - NÚMERO DE CLASIFICACIÓN LC

  • Número de clasificación elemento-número único o número inicial de tramo: PQ6719 A4.9

100 1# - ENCABEZAMIENTO - NOMBRE PERSONAL

  • Nombre personal: Sanz, Ignacio,
  • Fechas asociadas con el nombre: 1953-

400 1# - VEÁSE - NOMBRE DE PERSONA

  • Personal name: Sanz Martín, Ignacio,
  • Dates associated with a name: 1953-

670 ## - FUENTE EN LA QUE SE LOCALIZARON DATOS

  • Cita de la fuente: LC

680 ## - NOTA PUBLICA DE ACCESO PÚBLICO

  • Frase explicativa de la referencia: Escritor español, novelista, conservador y difusor de la tradición oral y ceramista

902 ## - CATALOGADOR

  • Catalogador: CAA/061021